Statistics for U.S presidents quiz

Click here to take the quiz!

General Stats

  • This quiz has been taken 4,385 times
    (4,132 since last reset)
  • The average score is 36 of 44

Answer Stats

Years in officeAnswer% Correct
1789-1797George Washington
100%
1797-1801John Adams
96%
1801-1809Thomas Jefferson
95%
2009-incumbentBarack Obama
90%
1993-2001Bill Clinton
90%
2001-2009George W. Bush
90%
1989-1993George H. W. Bush
89%
1809-1817James Madison
89%
1961-1963John F. Kennedy
89%
1969-1974Richard Nixon
88%
1981-1989Ronald Reagan
88%
1861-1865Abraham Lincoln
87%
1933-1945Franklin D. Roosevelt
87%
1817-1825James Monroe
87%
1977-1981Jimmy Carter
87%
1953-1961Dwight D. Eisenhower
86%
1974-1977Gerald Ford
86%
1825-1829John Quincy Adams
86%
1963-1969Lyndon B. Johnson
86%
1945-1953Harry S Truman
85%
1829-1837Andrew Jackson
82%
1929-1933Herbert Hoover
82%
1901-1909Theodore Roosevelt
82%
1913-1921Woodrow Wilson
82%
1869-1877Ulysses S. Grant
80%
1837-1841Martin Van Buren
79%
1923-1929Calvin Coolidge
78%
March 4, 1841- April 4, 1841William Henry Harrison
78%
1865-1869Andrew Johnson
77%
1909-1913William Howard Taft
77%
1845-1849James K. Polk
76%
1841-1845John Tyler
76%
1885-1889Grover Cleveland
74%
March 4, 1881-September 19, 1881James A. Garfield
74%
1897-1901William McKinley
74%
1849-1850Zachary Taylor
74%
1893-1897Grover Cleveland
73%
1857-1861James Buchanan
73%
1921-1923Warren G. Harding
73%
1881-1885Chester A. Arthur
71%
1853-1857Franklin Pierce
71%
1850-1853Millard Fillmore
70%
1877-1881Rutherford B. Hayes
70%
1889-1893Benjamin Harrison
68%

Score Distribution

Percentile by Number Answered

Percent of People with Each Score

Your Score History

You have not taken this quiz since the last reset